Statistics for do you know Ateez?

Click here to take the quiz!

General Stats

  • This quiz has been taken 77 times
  • The average score is 37 of 54

Answer Stats

HintAnswer% Correct
how many members are there8
97%
fandom nameatiny
94%
who is the leaderhongjoong
94%
what is there debut songpirate king
92%
the oldestseonghwa
92%
the main danceryunho
91%
main rappermingi
89%
who name means mountainsan
89%
the youngestjongho
88%
the statueyeosang
88%
the most flirt in ateezwooyoung
85%
what is full namechoi san
83%
what is his full namekim hongjoong
83%
what company do they belong tokq entertainment
83%
ateez slogan8 makes 1 team
82%
what is his full namepark seonghwa
80%
what is his full namekang yeosang
74%
what is his full namesong mingi
74%
what is his full namechoi jongho
73%
any of his postionlead dancer
73%
what is his favorite colorblack
71%
what is his favorite colorblack
71%
what is his favorite colorred
71%
what is his zodiac signscorpio
68%
what is his full namejeong yunho
67%
what is his full namejung wooyoung
67%
when did they debut (m/d/y)october 24 2018
65%
what is his favortie colorpurple
65%
what is his favorite colorall colors
64%
what is his zodiac signcancer
62%
what is his birthday (m/d)november 7
62%
what is his zodiac signaries
61%
what is his favorite colorblack
61%
any of his postionmain dancer
61%
whats his birthday (m/d)april 3
59%
any of his postionmain visual
59%
any of his postionmain vocalist
59%
what his birthday (m/d)november 26
59%
what is his favorite colorred
59%
what is his zodiac signaries
58%
what is his birthday (m/d)july 10
58%
any of his postioncaptain
56%
what is his zodiac signleo
56%
what is his zodiac signsagittarius
56%
any of his postionvocalist
56%
what is his birthday (m/d)august 9
53%
any of his postionmain rapper
53%
whats his birthday (m/d)march 23
53%
what is his birthday (m/d)october 12
53%
what is his zodiac signgemini
52%
what is his zodiac signlibra
52%
any of his postionlead vocalist
50%
what is his biirthday (m/d)june 15
48%
what is his favorite colordark blue
47%

Score Distribution

Percentile by Number Answered

Percent of People with Each Score

Your Score History

You have not taken this quiz